000 00466nam a2200169Ia 4500
008 230711s9999||||xx |||||||||||||| ||und||
020 _a978-81-265-4050-1
041 _aENG
082 _a620.007
_bMO-D
100 _aMontgomery,Douglas C
245 0 _aDesign and Anlysis of Experiments : International Student Version
250 _a8th Ed.
260 _c2017
_aNew Delhi
_bWiley India Pvt.Ltd
300 _a726p.
650 _aMechanical Engineering
942 _cBK
999 _c6650
_d6650